000 00769nam a2200229 a 4500
001 13444
003 BD-JhCC
005 20230924113954.0
008 171004s2020 b |||| ||a| 00| 0 ben d
020 _a9849849492962
035 _a(BD-JhCC)13444
040 _aBD-JhCC
_dBD-JhCC
041 _abengali
082 _223
_a297.1
_bALI 2020
100 _aআলী, মুহাম্মাদ আদম
245 _aসাহাবীদের ইসলামগ্রহণের গল্প /
_cমুহাম্মাদ আদম আলী।
260 _aঢাকা :
_bমাকতাবাতুম ফুরকান পাবলিকেশন্স;
_c2020.
300 _a79 p. :
_c22 cm.
650 _aIslamic
942 _2ddc
_cBK
_019
999 _c13444
_d13444